000 00603nam a2200181 a 4500
001 000033227
005 20240530073920.0
008 110823s1916 dr r 000 0 spa d
040 _aDO-SdBNP
_bspa
_cBNPHU
082 _aRD863.4
_bC723g
100 1 _aCólson, Jayme
_d1901-1975
_958858
245 1 3 _aEl general Babieca y Patricio Flaquenco /
_cJayme Cólson.
260 _aPuerto Plata, República Dominicana :
_bTalleres Tipográficos de Mariano Galve,
_c1916.
300 _a2v. ;
_c18 cm.
590 _aInventariado, 2018/BT
650 0 _aNovela dominicana
_9223
650 0 _aLiteratura dominicana.
_967
999 _c32718
_d32718